00361nam a2200109Ia 4500008004000000020001800040082001700058100002500075245008500100260005800185300000800243210210b1978 xxu||||| |||| 00| 0 eng d a0 86131 085 3 a330.153 BHAC aBHARADWAJ (Krishna). aClassical political economy and rise to dominance of supply and demand theories. aCalcuttabCentre for Studies in Social Sciencesc1978 a106